| 000 | 01106nam a2200253 i 4500 | ||
|---|---|---|---|
| 001 | 25498 | ||
| 003 | ES-MaACL | ||
| 005 | 20230906153259.0 | ||
| 007 | t| | ||
| 008 | 021226s1854 sp ||||1| spa d | ||
| 080 | _a339.9(460:8=134.2) | ||
| 080 | _a339.9(8=134.2:460) | ||
| 100 | 1 |
_aArias de Miranda, José. _922773 |
|
| 245 | 1 | 0 |
_aExamen crítico-histórico del influjo que tuvo en el comercio, industria y población de España su dominación en América : _bobra premiada por la Real Academia de la Historia en el concurso de 1853 / _csu autor José Arias y Miranda. |
| 260 |
_aMadrid : _b[s.n.], _c1854 ( _fImp. Academia de la Historia) |
||
| 300 |
_a176 p. ; _c28 cm. |
||
| 530 | _aDisponible en formato digital. | ||
| 651 | 4 |
_aEspaña- _xRelaciones económicas- _zAmérica española. _9166973 |
|
| 651 | 4 |
_aAmérica española- _xRelaciones económicas- _zEspaña. _9166974 |
|
| 710 | 2 |
_aReal Academia de la Historia (España) _96309 |
|
| 852 | 4 |
_aES-MaACL _jT-53-F-1 |
|
| 852 | 4 |
_aES-MaACL _jF-2638 |
|
| 856 | 4 |
_uhttp://bdh-rd.bne.es/viewer.vm?id=0000110099&page=1 _zBiblioteca Digital Hispánica |
|
| 999 |
_c25498 _d25498 |
||